| 000 | 00420cam a2200145u 4500 | ||
|---|---|---|---|
| 082 |
_a357.5 _bROW _cD |
||
| 100 | 1 |
_aRowan-Robinson, H. _949499 |
|
| 245 | 0 | 0 | _aSome aspects of mechanization, |
| 260 |
_aLondon, _bW. Clowes and sons, limited, _c1928. |
||
| 300 |
_aviii, 67 p. _c22 cm. |
||
| 526 |
_a0 _b0 _c0 _d357_500000000000000_ROW |
||
| 650 | 0 |
_aMCE _9379 |
|
| 650 | 0 |
_aMilitary art and science. _937914 |
|
| 942 |
_2ddc _cBK |
||
| 999 |
_c552462 _d552462 |
||